Microprocessors and interfacing : programming and hardware (Record no. 62044)
[ view plain ]
| 000 -LEADER | |
|---|---|
| fixed length control field | 00770nam a22002177a 4500 |
| 003 - CONTROL NUMBER IDENTIFIER | |
| control field | NUST-PNEC |
| 005 - DATE AND TIME OF LATEST TRANSACTION | |
| control field | 20170116180738.0 |
| 008 - FIXED-LENGTH DATA ELEMENTS--GENERAL INFORMATION | |
| fixed length control field | 141203b xxu||||| |||| 00| 0 eng d |
| 020 ## - INTERNATIONAL STANDARD BOOK NUMBER | |
| International Standard Book Number | 0071126368 |
| 040 ## - CATALOGING SOURCE | |
| Transcribing agency | PNEC |
| 082 ## - DEWEY DECIMAL CLASSIFICATION NUMBER | |
| Classification number | 005.26 HAL |
| 100 ## - MAIN ENTRY--PERSONAL NAME | |
| 9 (RLIN) | 1067 |
| Personal name | Hall Douglas V |
| 245 ## - TITLE STATEMENT | |
| Title | Microprocessors and interfacing : programming and hardware |
| Statement of responsibility, etc. | Douglas V Hall |
| 250 ## - EDITION STATEMENT | |
| Edition statement | 2nd ed. |
| 260 ## - PUBLICATION, DISTRIBUTION, ETC. | |
| Place of publication, distribution, etc. | Lake Forest, Ill. : |
| Name of publisher, distributor, etc. | Glencoe, |
| Date of publication, distribution, etc. | c1992. |
| 300 ## - PHYSICAL DESCRIPTION | |
| Extent | xiv, 624 pages : |
| Other physical details | illustrations ; |
| Dimensions | 29 cm. |
| 500 ## - GENERAL NOTE | |
| General note | Includes index. |
| 650 ## - SUBJECT ADDED ENTRY--TOPICAL TERM | |
| General subdivision | MIS, Computer |
| 856 ## - ELECTRONIC LOCATION AND ACCESS | |
| Uniform Resource Identifier | <a href="http://www.amazon.com/Microprocessors-Interfacing-McGraw-Hill-International-Editions/dp/0071126368/ref=sr_1_1?s=books&ie=UTF8&qid=1417594772&sr=1-1&keywords=0071126368">http://www.amazon.com/Microprocessors-Interfacing-McGraw-Hill-International-Editions/dp/0071126368/ref=sr_1_1?s=books&ie=UTF8&qid=1417594772&sr=1-1&keywords=0071126368</a> |
| 942 ## - ADDED ENTRY ELEMENTS (KOHA) | |
| Source of classification or shelving scheme | |
| Koha item type | Book |
| Withdrawn status | Lost status | Source of classification or shelving scheme | Damaged status | Not for loan | Permanent Location | Current Location | Shelving location | Date acquired | Source of acquisition | Cost, normal purchase price | Total Checkouts | Full call number | Barcode | Date last seen | Cost, replacement price | Price effective from | Koha item type |
|---|---|---|---|---|---|---|---|---|---|---|---|---|---|---|---|---|---|
| Pakistan Navy Engineering College (PNEC) | Pakistan Navy Engineering College (PNEC) | 10/10/2000 | NUST Recurring A/c | 801.86 | 005.26 HAL | PNECLIB-022995 | 12/03/2014 | 801.86 | 10/10/2000 | Book | |||||||
| Pakistan Navy Engineering College (PNEC) | Pakistan Navy Engineering College (PNEC) | 10/10/2000 | NUST Recurring A/c | 801.86 | 005.26 HAL | PNECLIB-022994 | 12/11/2014 | 801.86 | 10/10/2000 | Book | |||||||
| Pakistan Navy Engineering College (PNEC) | Pakistan Navy Engineering College (PNEC) | 10/20/1999 | Library / Reference Grant | 767.81 | 005.26 HAL | PNECLIB-020401 | 12/11/2014 | 767.81 | 10/20/1999 | Book |
